Science Quiz

Random Science or Animal Quiz
Score 0/20 Timer 05:00
2 Plays Today
% Correct
Polar Bear
99.6%
Panda Bear
94.3%
Fox
94.2%
Cat
94.2%
Zebra
94.1%
Snowy Owl
94%
Dog
93.7%
Squirrel
93.4%
Elephant
93.3%
Brown Bear
92.5%
% Correct
Emperor Penguin
90.8%
Bison
89.5%
Caribou
89.5%
Pelican
87.5%
Guinea Pig
84.2%
Emu
81.6%
Least weasel
59.5%
American Kestrel
56.9%
Capybara
47.8%
Albatross
32.9%

You're not logged in!

Compare scores with friends on all Sporcle quizzes.
OR
Log In

Sporcle TV

Today on Sporcle TV


Watch our educational content, quiz creation guides, and fun videos on Sporcle TV.

Show Comments

Extras

Top Quizzes Today


Score Distribution

Your Account Isn't Verified!

In order to create a playlist on Sporcle, you need to verify the email address you used during registration. Go to your Sporcle Settings to finish the process.

Report this User

Report this user for behavior that violates our Community Guidelines.

Details: